Vida de Lope de Vega (1562-1635) / (Record no. 126399)

MARC details
000 -LEADER
campo de control de longitud fija 00550nam a2200181 4500
001 - NÚMERO DE CONTROL
campo de control 126399
003 - IDENTIFICADOR DE NÚMERO DE CONTROL
campo de control ES-MaACL
005 - FECHA Y HORA DE LA ÚLTIMA TRANSACCIÓN
campo de control 20250822055322.0
007 - CAMPO FIJO DE DESCRIPCIÓN FÍSICA--INFORMACIÓN GENERAL
campo de control de longitud fija t|
008 - DATOS DE LONGITUD FIJA--INFORMACIÓN GENERAL
campo de control de longitud fija 070214s1919 sp r ||||1| spa d
100 1# - ENTRADA PRINCIPAL--NOMBRE DE PERSONA
Nombre de persona Rennert, Hugo Albert.
9 (RLIN) 96225
245 10 - MENCIÓN DEL TÍTULO
Título Vida de Lope de Vega (1562-1635) /
Mención de responsabilidad, etc. por Hugo Albert Rennert y Américo Castro.
260 ## - PUBLICACIÓN, DISTRIBUCIÓN, ETC.
Lugar de publicación, distribución, etc. Madrid :
Nombre del editor, distribuidor, etc. Suc. de Hernando,
Fecha de publicación, distribución, etc. 1919.
300 ## - DESCRIPCIÓN FÍSICA
Extensión VIII, 562 p. ;
Dimensiones 24 x 16 cm.
700 1# - ENTRADA AGREGADA--NOMBRE PERSONAL
Nombre de persona Castro, Américo,
Fechas asociadas al nombre 1885-1972
9 (RLIN) 226525
852 ## - LOCALIZACIÓN
Ubicación ES-MaACL
Número de control de estantería F-4797
Holdings
Estatus retirado Estado de pérdida Estado de daño No para préstamo Biblioteca de origen Biblioteca actual Ubicación en estantería Fecha de adquisición Fuente de adquisición Total de préstamos Signatura topográfica completa Código de barras Visto por última vez Precio de reemplazo Tipo de ítem Koha
        Biblioteca del Ateneo de Madrid Biblioteca del Ateneo de Madrid Depósito 2 17/01/2008     F-4797 1131650 23/02/2023 23/02/2023 Libro impreso